| 000 | 00514nam a22001697a 4500 | ||
|---|---|---|---|
| 999 |
_c9213 _d9213 |
||
| 008 | 210329b ||||| |||| 00| 0 eng d | ||
| 040 | _aBMS College of Architecture | ||
| 100 | _aLalwani, Sumit | ||
| 245 | _aThe funtastic mall at minerva mills Bangalore | ||
| 300 | _a38p. | ||
| 500 | _a1BM02AT032 | ||
| 502 |
_8B.Arch _NBMS College of Architecture, Visvesvaraya Technological University _aProject report _d2007 |
||
| 650 | _aMall | ||
| 700 |
_aVaseem _eGuide |
||
| 700 |
_aSatish Rao _eGuide |
||
| 942 |
_2ddc _cTHE |
||